Central Library OPAC University of Rajshahi

Soldier of democracy : (Record no. 27474)

MARC details
000 -LEADER
fixed length control field 00784cam a22002531 4500
001 - CONTROL NUMBER
control field 27474
003 - CONTROL NUMBER IDENTIFIER
rucl marc code BD-RjUL
005 - DATE AND TIME OF LATEST TRANSACTION
control field 20211209051147.0
008 - FIXED-LENGTH DATA ELEMENTS--GENERAL INFORMATION
fixed length control field 750903s1952 nyu 001 0 eng d
035 ## - SYSTEM CONTROL NUMBER
System control number (BD-RjUL)27548
System control number (OCoLC)1595409
040 ## - CATALOGING SOURCE
Original cataloging agency DLC
Transcribing agency FM
Modifying agency OCoLC
-- DLC
-- BD-RjUL
Language of cataloging eng
041 ## - LANGUAGE CODE
Language code of text/sound track or separate title eng
082 00 - DEWEY DECIMAL CLASSIFICATION NUMBER
Classification number 973.921092
Author mark and year DAS 1952
100 1# - MAIN ENTRY--PERSONAL NAME
Personal name Davis, Kenneth Sydney,
Dates associated with a name 1912-
9 (RLIN) 33734
245 10 - TITLE STATEMENT
Title Soldier of democracy :
Remainder of title a biography of Dwight Eisenhower /
Statement of responsibility, etc. Kenneth Sydney Davis.
260 ## - PUBLICATION, DISTRIBUTION, ETC. (IMPRINT)
Place of publication, distribution, etc. Garden City, N.Y. :
Name of publisher, distributor, etc. Doubleday,
Date of publication, distribution, etc. 1952.
300 ## - PHYSICAL DESCRIPTION
Pagination 577 p. :
Illustrations ill. ;
Size 22 cm.
504 ## - BIBLIOGRAPHY, ETC. NOTE
Bibliography, etc Includes Index
600 10 - SUBJECT ADDED ENTRY--PERSONAL NAME
Personal name Eisenhower, Dwight D.
Fuller form of name (Dwight David),
Dates associated with a name 1890-1969.
942 ## - ADDED ENTRY ELEMENTS (KOHA)
Source of classification or shelving scheme Dewey Decimal Classification
Koha item type Books
Holdings
Lost status Source of classification or shelving scheme Damaged status Not for loan Collection code Permanent Location Current Location Shelving location Date acquired Source of acquisition Total Checkouts Full call number Date last seen Copy number Koha item type
  Dewey Decimal Classification     Non-fiction Central Library, University of Rajshahi Central Library, University of Rajshahi   15/02/1958 U. S. I .S. Dhaka Gift   973.921092 DAS 1952 25/03/2014 C-2 Books